Física estadística

Uloženo v:
Podrobná bibliografie
Hlavní autor: Reif, Frederick (Autor)
Médium: Kniha
Jazyk:španělština
Vydáno: Barcelona Reverté 1983
Edice:Berkeley Physics Course, 5
Témata:
Tagy: Přidat tag
Žádné tagy, Buďte první, kdo vytvoří štítek k tomuto záznamu!

MARC

LEADER 00000nam a2200000 a 4500
001 UCT0821
003 CL-VaPUC
008 960906e19830000SP |||||||||||||||||spa|d
082 0 4 |a 530.13  |b REI  |2 21 
100 0 |a Reif, Frederick  |e author  |9 369343 
245 1 0 |a Física estadística 
942 |c BK 
945 |d 19960906 00:00:00  |a rleighto 
260 |a Barcelona  |b Reverté  |c 1983 
650 0 |a Física estadística  |9 260414 
650 0 |a Equilibrio  |9 362780 
650 0 |a Calor  |9 260253 
650 7 |a TEMPERATURA  |2 CL-VaPUC  |9 369344 
650 0 |a Energía   |9 259431 
650 0 |a Trabajo  |9 313876 
650 7 |a DISTRIBUCION DE GAUSS  |2 CL-VaPUC  |9 369345 
650 0 |a Distribución de Poisson  |9 324810 
583 |a last modification  |c 19960906 00:00:00  |k Rodrigo Vera 
490 0 |a Berkeley Physics Course, 5 
999 |c 251523  |d 251521 
952 |0 0  |1 0  |4 0  |6 530_130000000000000_REI_1983  |7 0  |8 A  |9 270742  |a BIBCUR  |b BIBCUR  |d 2019-11-19  |i 3229033  |l 1  |m 1  |o 530.13 REI 1983  |p 3229033  |r 2025-04-22  |s 2022-08-29  |w 2019-11-19  |y BK  |k BCB